000 00235nam a2200097Ia 4500
001 759884
005 20250826165138.0
008 250824s9999 xx 000 0 und d
245 0 _aHAYALET ADAM
_cROGER HOBBS
260 _bKORİDOR YAYINLARI
999 _c759884
_d759884